000 01390nam a2200421 c 4500
001 52863
003 ES-MaCES
005 20250203133332.0
008 230830s2023 sp d 000 | spa d
017 _aM 29040-2023
_bDL
020 _a9788412604870
040 _aES-MaCES
_bspa
_cES-MaCES
041 1 _aspa
_hfre
100 1 _924578
_aSupiot, Alain
245 1 3 _aEl trabajo ya no es lo que fue
_b: cómo pensarlo de nuevo en un mundo que cambió (y que nos tiene desconcertados)
_cAlain Supiot ; tr. de Gonzalo Sozzo
250 _a1ª ed
260 _aMadrid
_bClave intelectual
260 _aArgentina
_bSiglo XXI editores
_c2023
300 _a124 p.
_c21 cm
500 _aTraducción de: Le travail n'est pas une marchandise
541 _cCompra
650 4 _atrabajo
_928289
650 4 _atrabajador
_928414
650 4 _afuturo del trabajo
_930756
650 4 _acambio tecnológico
_928236
650 4 _acambio social
_927286
650 4 _asalario
_928387
650 4 _acohesión social
_930743
650 4 _aformación profesional permanente
_929931
650 4 _adesarrollo de la comunidad
_928596
650 4 _ateoría social
_927032
650 4 _aaspecto filosófico
_930724
653 1 0 _aEmpleo
700 1 _940851
_aSozzo, Gonzalo
740 0 2 _aTraducción de: Le travail n'est pas une marchandise
902 _aLIB Libro
942 _2CES
_cBK
_h2.1.
999 _c52863
_d52863